000 00377nam a2200145Ia 4500
008 230917s9999||||xx |||||||||||||| ||und||
040 _e53518
_aMAIN
041 _aEnglish
082 _aB R118M:R
100 _aMichael, Aloysiys
245 0 _aRadhakrishnan on Hindu moral life and action
260 _aDelhi
_bCocept Publishing
_c1979
300 _axiv, 226 p.
942 _cBK
999 _c204801
_d204801